Energy security: real and fictional problems

Energetická bezpečnosť je komplexným problémom tak v praktických ako aj teoretických dimenziách. Dodávky energie, stabilné množstvo kupovanej energie, stanovenie cien cez transparentný trhový mechanizmus. Energy Charter Treaty - chráni zákazníka, ale nie producenta. Ukrajinská kríza - nezhody medzi...

Descrizione completa

Salvato in:
Dettagli Bibliografici
Autore principale: Delyagin, Mikhail G.
Natura: Capitolo di libro
Lingua:inglese
Soggetti:
Tags: Aggiungi Tag
Nessun Tag, puoi essere il primo ad aggiungerne!!

MARC

LEADER 00000naa$a2200000$$$4500
001 0057130
005 20231009112041.9
041 0 |a eng 
044 |a SK 
245 1 0 |a Energy security: real and fictional problems  |c Mikhail G. Delyagin 
520 |a Energetická bezpečnosť je komplexným problémom tak v praktických ako aj teoretických dimenziách. Dodávky energie, stabilné množstvo kupovanej energie, stanovenie cien cez transparentný trhový mechanizmus. Energy Charter Treaty - chráni zákazníka, ale nie producenta. Ukrajinská kríza - nezhody medzi Ukrajinou a Ruskom ohľadom dodávok ropy. Stanovisko Európskej únie voči Rusku. 
610 2 0 |a energetika 
610 2 0 |a bezpečnosť 
610 2 0 |a energia 
610 2 0 |a dodávky 
610 2 0 |a ceny 
610 2 0 |a dohody 
610 2 0 |a kríza energetická 
610 2 0 |a Európska únia 
610 2 0 |a Rusko 
610 2 0 |a Ukrajina 
100 1 |a Delyagin, Mikhail G.